Largest U.S. Cities With "City" in Their Name - Statistics

General Stats
  • This quiz has been taken 54 times
  • The average score is 10 of 20
Answer Stats
Pop. State City % Correct
712,919 OK Oklahoma City
100%
516,032 MO Kansas City
98%
156,752 KS Kansas City
98%
217,783 UT Salt Lake City
98%
302,824 NJ Jersey City
93%
60,266 NV Carson City
80%
86,875 IA Sioux City
69%
76,710 IA Iowa City
67%
79,894 SD Rapid City
56%
138,144 UT West Valley City
36%
101,418 CA Daly City
33%
73,635 TN Johnson City
33%
63,218 LA Bossier City
31%
118,456 TX League City
27%
66,918 CA Union City
24%
66,196 NJ Union City
24%
82,982 CA Redwood City
22%
70,245 CO Commerce City
20%
78,582 TX Missouri City
20%
69,148 CA Yuba City
16%
No matching quizzes found
Score Distribution
Percent of People with Each Score
Percentile by Number Answered
Your Score History
You have not taken this quiz